000 00304nam a22001097a 4500
100 _aKhan, Mohsin Muhammad
_a13ME20
245 _aPerformance Analysis of Darrieus Wind Turbine
260 _aNawabshah:
_bQUEST,
_c2016.
300 _a58p. ;
700 _aDepartment of Mechanical Engineering
942 _cTHESIS
999 _c57550
_d57547